New worlds in the cosmos : (Record no. 6721)

MARC details
000 -LEADER
fixed length control field 00738nam a22002177a 4500
003 - CONTROL NUMBER IDENTIFIER
control field OSt
005 - DATE AND TIME OF LATEST TRANSACTION
control field 20251202154623.0
008 - FIXED-LENGTH DATA ELEMENTS--GENERAL INFORMATION
fixed length control field 251202b |||||||| |||| 00| 0 eng d
020 ## - INTERNATIONAL STANDARD BOOK NUMBER
International Standard Book Number 0-521-81207-0
040 ## - CATALOGING SOURCE
Original cataloging agency DWC-Main lib
Transcribing agency OC
082 ## - DEWEY DECIMAL CLASSIFICATION NUMBER
Classification number Circ. 523.24 M473 2003
100 ## - MAIN ENTRY--PERSONAL NAME
Personal name Mayor, M.
245 ## - TITLE STATEMENT
Title New worlds in the cosmos :
Remainder of title the discovery of exoplanets
Statement of responsibility, etc. Mayor, Michel
260 ## - PUBLICATION, DISTRIBUTION, ETC.
Place of publication, distribution, etc. UK :
Name of publisher, distributor, etc. Cambridge University Press,
Date of publication, distribution, etc. c2003
300 ## - PHYSICAL DESCRIPTION
Extent xii, 248 pages ;
Dimensions 23 cm.
504 ## - BIBLIOGRAPHY, ETC. NOTE
Bibliography, etc. note Includes bibliographical references and index
650 ## - SUBJECT ADDED ENTRY--TOPICAL TERM
Source of heading or term Extrasolar planets
700 ## - ADDED ENTRY--PERSONAL NAME
Personal name Yves, Frei P.
700 ## - ADDED ENTRY--PERSONAL NAME
Personal name Roukema, Boud
Relator term translator
942 ## - ADDED ENTRY ELEMENTS (KOHA)
Source of classification or shelving scheme Dewey Decimal Classification
Koha item type Book Circulation
Classification part Circ. 523.24 M473 2003
Call number prefix Circ.
Suppress in OPAC No
952 ## - LOCATION AND ITEM INFORMATION (KOHA)
--
Holdings
Withdrawn status Lost status Source of classification or shelving scheme Damaged status Not for loan Home library Current library Shelving location Date acquired Source of acquisition Cost, normal purchase price Total Checkouts Full call number Barcode Date last seen Copy number Price effective from Koha item type Uniform Resource Identifier
    Dewey Decimal Classification     College Library College Library Circulation 08/25/2005 School Fund 2849.00   Circ. 523.24 M473 2003 CL42285 12/02/2025 c1 12/02/2025 BK-CIRC